<?xml version="1.0" encoding="UTF-8"?><?xml-stylesheet type="text/xsl" href="static/style.xsl"?><OAI-PMH xmlns="http://www.openarchives.org/OAI/2.0/" xmlns:xsi="http://www.w3.org/2001/XMLSchema-instance" xsi:schemaLocation="http://www.openarchives.org/OAI/2.0/ http://www.openarchives.org/OAI/2.0/OAI-PMH.xsd"><responseDate>2026-04-14T04:30:34Z</responseDate><request verb="GetRecord" identifier="oai:www.recercat.cat:10256/22888" metadataPrefix="marc">https://recercat.cat/oai/request</request><GetRecord><record><header><identifier>oai:recercat.cat:10256/22888</identifier><datestamp>2024-06-18T14:35:55Z</datestamp><setSpec>com_2072_452955</setSpec><setSpec>com_2072_2054</setSpec><setSpec>col_2072_452959</setSpec></header><metadata><record xmlns="http://www.loc.gov/MARC21/slim" xmlns:dcterms="http://purl.org/dc/terms/" xmlns:xsi="http://www.w3.org/2001/XMLSchema-instance" xmlns:doc="http://www.lyncode.com/xoai" xsi:schemaLocation="http://www.loc.gov/MARC21/slim http://www.loc.gov/standards/marcxml/schema/MARC21slim.xsd">
   <leader>00925njm 22002777a 4500</leader>
   <datafield ind2=" " ind1=" " tag="042">
      <subfield code="a">dc</subfield>
   </datafield>
   <datafield ind2=" " ind1=" " tag="720">
      <subfield code="a">Puig-Gironès, Roger</subfield>
      <subfield code="e">author</subfield>
   </datafield>
   <datafield ind2=" " ind1=" " tag="720">
      <subfield code="a">Santos, Xavier</subfield>
      <subfield code="e">author</subfield>
   </datafield>
   <datafield ind2=" " ind1=" " tag="720">
      <subfield code="a">Bros, Vicenç</subfield>
      <subfield code="e">author</subfield>
   </datafield>
   <datafield ind2=" " ind1=" " tag="260">
      <subfield code="c">2023-06-10</subfield>
   </datafield>
   <datafield ind2=" " ind1=" " tag="520">
      <subfield code="a">In fire-prone regions, fire is a major natural disturbance which shapes ecosystem function and community composition. Fire has a direct and dramatic effect on soil fauna and, especially, on non-mobile species such as land snails. The factors that make the Mediterranean Basin a fire-prone region may also lead to the appearance after fires of certain functional traits related to ecological and physiological characteristics. Knowledge of how community structure and function change along the post-fire succession will be useful for understanding the processes that drive biodiversity patterns in burnt areas and for implementing appropriate biodiversity management strategies. Here, we examine long-interval taxonomic and functional changes occurred in a snail community four and 18 years after a fire in the Sant Llorenç del Munt i l'Obac Natural Park (NE Spain). Our field-based study demonstrates that the land snail assemblage responds both taxonomically and functionally to fire and that there was a clear replacement of dominant species from the first to the second sampling period. Variation in community composition between different post-fire ages can be attributed to snail species traits and successional changes in post-fire habitat conditions. At taxonomic level, there was great variation in snail species turnover between both periods, being the development of the understorey vegetation structure the main driver of this variation. The replacement of functional traits between times since fire suggests that xerophilic and mesophilic preferences play an important role after fire and are largely determined by the complexity of post-fire microhabitats. Our analysis indicates that immediately after a fire there is a time-window of opportunity that attracts species specializing in early successional habitats, which thereafter are replaced due to the changing conditions resulting from succession. Consequently, knowing the functional traits of species is important for determining the impacts of disturbances on the taxonomic and functional communities</subfield>
   </datafield>
   <datafield ind2=" " ind1=" " tag="520">
      <subfield code="a">Open Access funding provided thanks to the CRUE-CSIC agreement with Elsevier</subfield>
   </datafield>
   <datafield ind1="8" ind2=" " tag="024">
      <subfield code="a">http://hdl.handle.net/10256/22888</subfield>
   </datafield>
   <datafield tag="653" ind2=" " ind1=" ">
      <subfield code="a">Fauna -- Efecte dels incendis</subfield>
   </datafield>
   <datafield tag="653" ind2=" " ind1=" ">
      <subfield code="a">Cargols (Zoologia) -- Efecte dels incendis</subfield>
   </datafield>
   <datafield tag="653" ind2=" " ind1=" ">
      <subfield code="a">Snails -- Effect of fires on</subfield>
   </datafield>
   <datafield tag="653" ind2=" " ind1=" ">
      <subfield code="a">Animals -- Effect of fires on</subfield>
   </datafield>
   <datafield tag="653" ind2=" " ind1=" ">
      <subfield code="a">Biodiversitat</subfield>
   </datafield>
   <datafield tag="653" ind2=" " ind1=" ">
      <subfield code="a">Biodiversity</subfield>
   </datafield>
   <datafield tag="653" ind2=" " ind1=" ">
      <subfield code="a">Animals -- Efecte dels incendis</subfield>
   </datafield>
   <datafield tag="653" ind2=" " ind1=" ">
      <subfield code="a">Ecologia del foc</subfield>
   </datafield>
   <datafield tag="653" ind2=" " ind1=" ">
      <subfield code="a">Fire ecology</subfield>
   </datafield>
   <datafield tag="653" ind2=" " ind1=" ">
      <subfield code="a">Estassada</subfield>
   </datafield>
   <datafield tag="653" ind2=" " ind1=" ">
      <subfield code="a">Clearing of land</subfield>
   </datafield>
   <datafield ind2="0" ind1="0" tag="245">
      <subfield code="a">Long-interval effects of wildfires on the functional diversity of land snails</subfield>
   </datafield>
</record></metadata></record></GetRecord></OAI-PMH>